[Event "Regionalliga Nord-Ost 1819"]
[Site "Bayern"]
[Date "2018.11.11"]
[Round "2.2"]
[White "Muehlbauer, Andreas"]
[Black "Kalous, Miroslav"]
[Result "1-0"]
[WhiteElo "2089"]
[BlackElo "1984"]
[PlyCount "93"]
[EventDate "2018.10.21"]
[EventType "team-tourn"]
[EventRounds "9"]
[EventCountry "GER"]
[SourceTitle "EXT 2022"]
[Source "ChessBase"]
[SourceDate "2021.10.06"]
[SourceVersion "1"]
[SourceVersionDate "2021.10.06"]
[SourceQuality "1"]
[WhiteTeam "Bad Koetzting"]
[BlackTeam "Windischeschenbach"]
[WhiteTeamCountry "GER"]
[BlackTeamCountry "GER"]

1. e4 e6 2. d4 d5 3. Nd2 Be7 4. Bd3 Nf6 5. e5 Nfd7 6. Ne2 c5 7. c3 Nc6 8. 0-0 cxd4 9. cxd4 Qb6 10. Nf3 f6 11. exf6 Nxf6 12. Nc3 0-0 13. Bg5 Bd7 14. Re1 Nb4 15. Bb1 a5 16. a3 Nc6 17. Qd3 g6 18. Bh6 Rfe8 19. Bc2 Bf8 20. Bf4 Bg7 21. Rad1 Nh5 22. Na4 Qd8 23. Bg5 Bf6 24. Bc1 b5 25. Nc5 b4 26. Ba4 Rc8 27. g4 Ng7 28. g5 Be7 29. Nxd7 Qxd7 30. Bf4 Bd6 31. Bxd6 Qxd6 32. Ne5 Nxe5 33. dxe5 Qb6 34. Bxe8 Rxe8 35. axb4 Qxb4 36. Qd4 Qe7 37. f4 Nh5 38. Rf1 Rf8 39. Rf2 Qf7 40. Rdf1 Qf5 41. Qa4 Qg4+ 42. Kh1 Qh3 43. Qa3 Qf5 44. Qxa5 Qe4+ 45. Kg1 d4 46. Qb6 Qd5 47. b4 1-0

[Event "Oberpfalz-ch M1"]
[Site "Bad Koetzting"]
[Date "2018.03.27"]
[Round "8"]
[White "Bunk, Wolfgang"]
[Black "Muehlbauer, Andreas"]
[Result "1/2-1/2"]
[WhiteElo "1925"]
[BlackElo "2142"]
[PlyCount "99"]
[EventDate "2018.03.24"]
[EventType "swiss"]
[EventRounds "8"]
[EventCountry "GER"]
[SourceTitle "EXT 2020"]
[Source "ChessBase"]
[SourceDate "2019.10.17"]
[SourceVersion "1"]
[SourceVersionDate "2019.10.17"]
[SourceQuality "1"]

1. d4 Nf6 2. c4 c5 3. d5 b5 4. cxb5 a6 5. bxa6 Bxa6 6. Nc3 d6 7. Nf3 g6 8. g3 Bg7 9. Bg2 0-0 10. Rb1 Nbd7 11. 0-0 Ra7 12. Re1 Qa8 13. b3 Ne8 14. Bb2 Bxc3 15. Bxc3 Bb7 16. e4 Rxa2 17. Qc1 e5 18. Qh6 Nef6 19. Bh3 Re8 20. Ng5 Nf8 21. Ra1 Bc8 22. Bxc8 Rxc8 23. Qh3 Re8 24. f4 Kg7 25. fxe5 dxe5 26. Nf3 N8d7 27. g4 Rxa1 28. Rxa1 Qb7 29. Nd2 h6 30. Qf3 Re7 31. Rf1 Ne8 32. h3 f6 33. Qe3 Nd6 34. Ra1 Nb5 35. Bb2 Nd4 36. Qd3 Re8 37. Qa6 Rb8 38. Qd6 Kf7 39. Bxd4 cxd4 40. Qe6+ Kf8 41. Rf1 Re8 42. Qd6+ Kf7 43. Rc1 Re7 44. Rc7 Qb5 45. Nc4 Qxb3 46. Kg2 Qc2+ 47. Kf3 Qd1+ 48. Kf2 d3 49. Rxd7 Qe2+ 50. Kg3 1/2-1/2

[Event "Oberpfalz-ch M1"]
[Site "Bad Koetzting"]
[Date "2018.03.24"]
[Round "2"]
[White "Tassell, Pierre"]
[Black "Muehlbauer, Andreas"]
[Result "1/2-1/2"]
[WhiteElo "2040"]
[BlackElo "2142"]
[PlyCount "40"]
[EventDate "2018.03.24"]
[EventType "swiss"]
[EventRounds "8"]
[EventCountry "GER"]
[SourceTitle "EXT 2020"]
[Source "ChessBase"]
[SourceDate "2019.10.17"]
[SourceVersion "1"]
[SourceVersionDate "2019.10.17"]
[SourceQuality "1"]

1. d4 Nf6 2. c4 c5 3. d5 b5 4. cxb5 a6 5. f3 d6 6. e4 g6 7. Na3 Bg7 8. Ne2 0-0 9. Nc3 Nfd7 10. Be2 axb5 11. Naxb5 Na6 12. 0-0 Nc7 13. Be3 Nxb5 14. Bxb5 Qa5 15. a4 Nb6 16. Qe2 Ba6 17. Bd2 Rfb8 18. Ra3 Nc8 19. Rfa1 Qb6 20. Be3 Qa5 1/2-1/2

[Event "Landesliga Nord 1718"]
[Site "Bayern"]
[Date "2017.12.10"]
[Round "4.5"]
[White "Ploehn, Heiko"]
[Black "Muehlbauer, Andreas"]
[Result "1-0"]
[WhiteElo "2091"]
[BlackElo "2094"]
[PlyCount "129"]
[EventDate "2017.10.22"]
[EventType "team-tourn"]
[EventRounds "9"]
[EventCountry "GER"]
[SourceTitle "EXT 2022"]
[Source "ChessBase"]
[SourceDate "2021.10.06"]
[SourceVersion "1"]
[SourceVersionDate "2021.10.06"]
[SourceQuality "1"]
[WhiteTeam "Bamberg SC"]
[BlackTeam "Bad Koetzting"]
[WhiteTeamCountry "GER"]
[BlackTeamCountry "GER"]

1. d4 Nf6 2. c4 c5 3. d5 b5 4. cxb5 a6 5. bxa6 Bxa6 6. Nc3 d6 7. g3 g6 8. Bg2 Bg7 9. Nf3 0-0 10. 0-0 Nbd7 11. Rb1 Ra7 12. b3 Qa8 13. Qd2 Rb8 14. Re1 Ne8 15. e4 Nc7 16. Bb2 f6 17. Qc2 Qb7 18. Ba1 Ne5 19. Nxe5 fxe5 20. a4 Qc8 21. Na2 Rab7 22. Bc3 Ne8 23. Bd2 Rc7 24. Rec1 Qd7 25. Nc3 Rcb7 26. Na2 Rc7 27. Rb2 Ra8 28. Nc3 Rb7 29. Nb1 Rab8 30. Na3 Nc7 31. Nc4 Bxc4 32. Qxc4 e6 33. Bc3 exd5 34. exd5 Bh6 35. Rcb1 Ra7 36. Bf1 Na6 37. Qh4 Bg7 38. Bb5 Qf7 39. Qc4 Nc7 40. Bc6 Na6 41. b4 Nxb4 42. Bxb4 cxb4 43. Rxb4 Rf8 44. Qe2 Qc7 45. Kg2 Bh6 46. Rb6 Qd8 47. Rb7 Qa5 48. Rxa7 Qxa7 49. Rb7 Qa5 50. h4 Kh8 51. h5 gxh5 52. Qe4 Bg7 53. Qe3 Qd8 54. Rd7 Qf6 55. a5 Bh6 56. Qe2 h4 57. a6 hxg3 58. fxg3 Be3 59. a7 Bxa7 60. Rxa7 Rf7 61. Rxf7 Qxf7 62. Qg4 Qf6 63. Qe6 Qg5 64. Qf7 Qd2+ 65. Qf2 1-0

[Event "Landesliga Nord 1617"]
[Site "Bayern"]
[Date "2017.04.02"]
[Round "8.3"]
[White "Muehlbauer, Andreas"]
[Black "Reissner, Andreas"]
[Result "1-0"]
[WhiteElo "2129"]
[BlackElo "2018"]
[PlyCount "81"]
[EventDate "2016.10.16"]
[EventType "team-tourn"]
[EventRounds "9"]
[EventCountry "GER"]
[SourceTitle "EXT 2019"]
[Source "ChessBase"]
[SourceDate "2018.10.10"]
[SourceVersion "1"]
[SourceVersionDate "2018.10.10"]
[SourceQuality "1"]
[WhiteTeam "Bad Koetzting"]
[BlackTeam "Marktleuthen"]
[WhiteTeamCountry "GER"]
[BlackTeamCountry "GER"]

1. e4 d6 2. d4 Nf6 3. Nc3 e5 4. Nf3 Nbd7 5. Bc4 Be7 6. 0-0 0-0 7. Re1 c6 8. a4 Qc7 9. h3 a5 10. Bg5 h6 11. Bh4 Re8 12. Bg3 Nh7 13. Nh4 Nb6 14. Bxf7+ Kxf7 15. Qh5+ Kg8 16. Qxe8+ Nf8 17. Ng6 Bd7 18. Nxe7+ Kh7 19. Qh5 g6 20. Qf3 Be6 21. d5 Qxe7 22. dxe6 Nxe6 23. Qd3 Nc5 24. Qe2 Rf8 25. b3 h5 26. Rad1 Nc8 27. Rf1 h4 28. Bh2 Ne6 29. Rd3 Nd4 30. Qd1 Ne6 31. Qg4 Nd4 32. Qd1 Ne6 33. Bxe5 Qg5 34. f4 Qh6 35. Rxd6 Nc5 36. Rd7+ Nxd7 37. Qxd7+ Kg8 38. Qe6+ Kh7 39. Qd7+ Kg8 40. Qe6+ Kh7 41. Rd1 1-0

[Event "Landesliga Nord 1617"]
[Site "Bayern"]
[Date "2017.02.19"]
[Round "6.2"]
[White "Kraft, Volker"]
[Black "Muehlbauer, Andreas"]
[Result "1/2-1/2"]
[WhiteElo "2294"]
[BlackElo "2129"]
[PlyCount "42"]
[EventDate "2016.10.16"]
[EventType "team-tourn"]
[EventRounds "9"]
[EventCountry "GER"]
[SourceTitle "EXT 2019"]
[Source "ChessBase"]
[SourceDate "2018.10.10"]
[SourceVersion "1"]
[SourceVersionDate "2018.10.10"]
[SourceQuality "1"]
[WhiteTeam "Zirndorf"]
[BlackTeam "Bad Koetzting"]
[WhiteTeamCountry "GER"]
[BlackTeamCountry "GER"]

1. e4 c5 2. Ne2 Nc6 3. Nbc3 e6 4. h3 Nf6 5. g4 d6 6. Bg2 Be7 7. d4 cxd4 8. Nxd4 Qc7 9. g5 Nd7 10. h4 Nb6 11. Ndb5 Qd8 12. Bf4 e5 13. Bg3 a6 14. Na3 h6 15. gxh6 Rxh6 16. Qd2 Nd4 17. Ne2 Nxe2 18. Qxe2 Bxh4 19. Bxh4 Rxh4 20. 0-0-0 Rxh1 21. Bxh1 Be6 1/2-1/2

[Event "Landesliga Nord 1516"]
[Site "Bayern"]
[Date "2016.02.21"]
[Round "7.4"]
[White "Muehlbauer, Andreas"]
[Black "Stiller, Juergen"]
[Result "0-1"]
[WhiteElo "2129"]
[BlackElo "2180"]
[PlyCount "62"]
[EventDate "2015.10.11"]
[EventType "team-tourn"]
[EventRounds "9"]
[EventCountry "GER"]
[SourceTitle "EXT 2018"]
[Source "ChessBase"]
[SourceDate "2017.10.13"]
[SourceVersion "1"]
[SourceVersionDate "2017.10.13"]
[SourceQuality "1"]
[WhiteTeam "Bad Koetzting"]
[BlackTeam "Nuernberg Sued SW"]
[WhiteTeamCountry "GER"]
[BlackTeamCountry "GER"]

1. e4 c6 2. d4 d5 3. e5 Bf5 4. Nf3 e6 5. Be2 Nd7 6. 0-0 h6 7. b3 Ne7 8. c4 Bg4 9. Nc3 Nf5 10. h3 Bxf3 11. Bxf3 Qb6 12. cxd5 cxd5 13. Bxd5 exd5 14. Nxd5 Qa5 15. Qf3 Nxd4 16. Qe4 Ne6 17. b4 Qa4 18. Be3 Bc5 19. Bxc5 Ndxc5 20. Qh4 0-0 21. Nc3 Qa3 22. Nd5 Nd3 23. f4 Rad8 24. Nf6+ Kh8 25. Ng4 Ndxf4 26. Nxh6 Qe3+ 27. Kh1 gxh6 28. Qf6+ Kh7 29. Qf5+ Ng6 30. h4 Rd4 31. g4 Qh3+ 0-1

[Event "Landesliga Nord 1516"]
[Site "Bayern"]
[Date "2015.10.25"]
[Round "2.5"]
[White "Muehlbauer, Andreas"]
[Black "Weigel, Robert"]
[Result "1-0"]
[WhiteElo "2129"]
[BlackElo "2043"]
[PlyCount "67"]
[EventDate "2015.10.11"]
[EventType "team-tourn"]
[EventRounds "9"]
[EventCountry "GER"]
[SourceTitle "EXT 2018"]
[Source "ChessBase"]
[SourceDate "2017.10.13"]
[SourceVersion "1"]
[SourceVersionDate "2017.10.13"]
[SourceQuality "1"]
[WhiteTeam "Bad Koetzting"]
[BlackTeam "Forchheim II"]
[WhiteTeamCountry "GER"]
[BlackTeamCountry "GER"]

1. e4 c5 2. Nf3 Nf6 3. e5 Nd5 4. d4 cxd4 5. c3 e6 6. Bc4 Nb6 7. Bb3 d6 8. exd6 Bxd6 9. cxd4 Bd7 10. Nc3 Bc6 11. 0-0 Be7 12. Ne5 0-0 13. Qg4 Kh8 14. Re1 Nd5 15. Nxf7+ Rxf7 16. Qxe6 Rf6 17. Qe4 Bb4 18. Bxd5 Bxd5 19. Nxd5 Bxe1 20. Nxf6 Bxf2+ 21. Kxf2 Qxf6+ 22. Qf4 Qe7 23. Qg5 Qf8+ 24. Kg1 Nc6 25. Be3 h6 26. Qb5 Qe7 27. Bf2 a6 28. Qc4 Rf8 29. d5 Ne5 30. Qe4 Qd6 31. Re1 Ng6 32. b4 Rb8 33. Qe6 Rd8 34. Bb6 1-0

[Event "Landesliga Nord 1516"]
[Site "Bayern"]
[Date "2015.10.11"]
[Round "1.4"]
[White "Goehring, Karl Heinz"]
[Black "Muehlbauer, Andreas"]
[Result "1/2-1/2"]
[WhiteElo "2116"]
[BlackElo "2129"]
[PlyCount "112"]
[EventDate "2015.10.11"]
[EventType "team-tourn"]
[EventRounds "9"]
[EventCountry "GER"]
[SourceTitle "EXT 2018"]
[Source "ChessBase"]
[SourceDate "2017.10.13"]
[SourceVersion "1"]
[SourceVersionDate "2017.10.13"]
[SourceQuality "1"]
[WhiteTeam "Schweinfurt"]
[BlackTeam "Bad Koetzting"]
[WhiteTeamCountry "GER"]
[BlackTeamCountry "GER"]

1. d4 Nf6 2. c4 c5 3. Nf3 g6 4. Nc3 cxd4 5. Nxd4 Nc6 6. e4 d6 7. Be2 Bg7 8. Be3 0-0 9. 0-0 Bd7 10. f3 Qb6 11. Ncb5 a6 12. Nc2 Qa5 13. Nc3 Rfc8 14. Qd2 Rab8 15. Rab1 Ne5 16. b3 Qc7 17. Rfc1 b5 18. Nd5 Nxd5 19. cxd5 Qb7 20. Qa5 f5 21. Nb4 fxe4 22. fxe4 Ng4 23. Bxg4 Bxg4 24. Qxa6 Qxa6 25. Nxa6 Ra8 26. Nb4 Rc3 27. Bf2 Kf7 28. Kf1 Bf6 29. h3 Bd7 30. Ke2 Rac8 31. Rxc3 Bxc3 32. Nc6 Bxc6 33. dxc6 Rxc6 34. Rc1 b4 35. Bd4 Ra6 36. Bxc3 bxc3 37. a4 Ke6 38. Rxc3 Rb6 39. Kd2 Rb4 40. Kc2 Rxe4 41. a5 Re2+ 42. Kb1 Re5 43. b4 Rb5 44. Rb3 Kd5 45. Kb2 e5 46. Ka3 Kc6 47. Ka4 Rd5 48. b5+ Kb7 49. Rf3 Rc5 50. Rf6 Rc4+ 51. Kb3 d5 52. Rb6+ Kc7 53. Re6 Rc5 54. Re7+ Kd6 55. Rb7 Rc7 56. Rxc7 Kxc7 1/2-1/2

[Event "Landesliga Nord 1415"]
[Site "Bayern"]
[Date "2014.11.23"]
[Round "3.5"]
[White "Link, Klaus"]
[Black "Muehlbauer, Andreas"]
[Result "0-1"]
[WhiteElo "1932"]
[BlackElo "2129"]
[PlyCount "64"]
[EventDate "2014.10.19"]
[EventType "team-tourn"]
[EventRounds "9"]
[EventCountry "GER"]
[SourceTitle "EXT 2018"]
[Source "ChessBase"]
[SourceDate "2017.10.13"]
[SourceVersion "1"]
[SourceVersionDate "2017.10.13"]
[SourceQuality "1"]
[WhiteTeam "Klingenberg"]
[BlackTeam "Bad Koetzting"]
[WhiteTeamCountry "GER"]
[BlackTeamCountry "GER"]

1. e4 c5 2. b3 Nc6 3. Bb2 d6 4. Bb5 Bd7 5. Nf3 e5 6. 0-0 Nf6 7. Re1 Be7 8. a4 0-0 9. h3 Ne8 10. Nc3 Nc7 11. Bc4 Kh8 12. Nd5 f5 13. Nxe7 Qxe7 14. exf5 Bxf5 15. d4 cxd4 16. Nxd4 Nxd4 17. Bxd4 Qg5 18. Be3 Qg6 19. h4 d5 20. Bd3 d4 21. Bg5 e4 22. Bc4 h6 23. Bf4 Bg4 24. Qd2 Bf3 25. g3 Ne6 26. Be5 Rad8 27. Be2 Rd5 28. Bxf3 Rxf3 29. Bb8 Rd8 30. h5 Qf5 31. Bxa7 e3 32. fxe3 Rxg3+ 0-1

[Event "Regionalliga NO 1314"]
[Site "Bayern"]
[Date "2014.01.19"]
[Round "5.2"]
[White "Wallinger, Manfred"]
[Black "Muehlbauer, Andreas"]
[Result "1-0"]
[WhiteElo "2111"]
[BlackElo "2107"]
[PlyCount "91"]
[EventDate "2013.10.13"]
[EventType "team-tourn"]
[EventRounds "9"]
[EventCountry "GER"]
[SourceTitle "EXT 2015"]
[Source "ChessBase"]
[SourceDate "2014.11.20"]
[SourceVersion "1"]
[SourceVersionDate "2014.11.20"]
[SourceQuality "1"]
[WhiteTeam "Altensittenbach"]
[BlackTeam "Bad Koetzting"]
[WhiteTeamCountry "GER"]
[BlackTeamCountry "GER"]

1. d4 Nf6 2. Bg5 Ne4 3. Bf4 c5 4. f3 Qa5+ 5. c3 Nf6 6. d5 d6 7. e4 Nbd7 8. Nd2 g6 9. Qc2 b5 10. Nh3 Bg7 11. Be2 0-0 12. 0-0 Rb8 13. a4 b4 14. Nc4 Qc7 15. a5 Ba6 16. Nxd6 Bxe2 17. Nxf7 Qxf4 18. Nxf4 Bxf1 19. Ng5 Ba6 20. Nfe6 Rfc8 21. Nxg7 Kxg7 22. Ne6+ Kg8 23. Qd2 Nf8 24. e5 N6d7 25. Qg5 Nxe6 26. dxe6 Nf8 27. Qxe7 Bc4 28. Qf7+ Kh8 29. Qf6+ Kg8 30. e7 Ne6 31. cxb4 cxb4 32. Rd1 Re8 33. Rd6 Ng7 34. g4 Bf7 35. f4 Rbc8 36. Rd8 Rc1+ 37. Kf2 Rc2+ 38. Kg3 Rc8 39. Kf3 b3 40. f5 gxf5 41. gxf5 Bh5+ 42. Kf4 Rc4+ 43. Ke3 h6 44. Qf8+ Kh7 45. f6 Nf5+ 46. Kd3 1-0

[Event "Regionalliga NO 1314"]
[Site "Bayern"]
[Date "2013.11.24"]
[Round "3.2"]
[White "Mueller, Christian2"]
[Black "Muehlbauer, Andreas"]
[Result "1/2-1/2"]
[WhiteElo "2075"]
[BlackElo "2107"]
[PlyCount "34"]
[EventDate "2013.10.13"]
[EventType "team-tourn"]
[EventRounds "9"]
[EventCountry "GER"]
[SourceTitle "EXT 2015"]
[Source "ChessBase"]
[SourceDate "2014.11.20"]
[SourceVersion "1"]
[SourceVersionDate "2014.11.20"]
[SourceQuality "1"]
[WhiteTeam "Windischeschenbach"]
[BlackTeam "Bad Koetzting"]
[WhiteTeamCountry "GER"]
[BlackTeamCountry "GER"]

1. e4 c5 2. Nc3 a6 3. f4 Nc6 4. Nf3 e6 5. g3 d6 6. Bg2 Qc7 7. 0-0 Nf6 8. a4 Be7 9. Kh1 0-0 10. b3 e5 11. f5 Rd8 12. Ne1 Nb4 13. g4 g5 14. Nd5 Nbxd5 15. exd5 c4 16. d3 cxb3 17. c4 h6 1/2-1/2

[Event "Regionalliga NO 1213"]
[Site "Bayern"]
[Date "2012.12.09"]
[Round "4.3"]
[White "Muehlbauer, Andreas"]
[Black "Weigel, Robert"]
[Result "0-1"]
[WhiteElo "2096"]
[BlackElo "2117"]
[PlyCount "70"]
[EventDate "2012.10.14"]
[EventType "team-tourn"]
[EventRounds "9"]
[EventCountry "GER"]
[SourceTitle "EXT 2015"]
[Source "ChessBase"]
[SourceDate "2014.11.20"]
[SourceVersion "1"]
[SourceVersionDate "2014.11.20"]
[SourceQuality "1"]
[WhiteTeam "Bad Koetzting"]
[BlackTeam "Forchheim II"]
[WhiteTeamCountry "GER"]
[BlackTeamCountry "GER"]

1. e4 c5 2. c3 Nf6 3. e5 Nd5 4. d4 cxd4 5. Nf3 e6 6. Bc4 Nb6 7. Bb3 d5 8. cxd4 Bd7 9. Nc3 Be7 10. 0-0 a5 11. Na4 Bb5 12. Re1 Nxa4 13. Bxa4 Qd7 14. Bxb5 Qxb5 15. Qe2 Qxe2 16. Rxe2 Nc6 17. b3 Kd7 18. a3 Rhc8 19. Bb2 a4 20. b4 Na7 21. Ne1 Nb5 22. Rc2 Rxc2 23. Nxc2 Rc8 24. Ne3 Bg5 25. Rc1 Rxc1+ 26. Bxc1 Nxd4 27. Bb2 Nb5 28. g3 Kc6 29. f4 Bd8 30. Nc2 d4 31. Bxd4 Kd5 32. Bc5 Kc4 33. Kf2 Kb3 34. Ne3 Nxa3 35. f5 Nb5 0-1

[Event "Landesliga Nord 1112"]
[Site "Bayern"]
[Date "2012.04.15"]
[Round "9.6"]
[White "Muehlbauer, Andreas"]
[Black "Link, Klaus"]
[Result "1-0"]
[WhiteElo "2148"]
[BlackElo "1915"]
[PlyCount "107"]
[EventDate "2011.10.02"]
[EventType "team-tourn"]
[EventRounds "9"]
[EventCountry "GER"]
[SourceTitle "EXT 2015"]
[Source "ChessBase"]
[SourceDate "2014.11.20"]
[SourceVersion "1"]
[SourceVersionDate "2014.11.20"]
[SourceQuality "1"]
[WhiteTeam "Bad Koetzting"]
[BlackTeam "Klingenberg/Main"]
[WhiteTeamCountry "GER"]
[BlackTeamCountry "GER"]

1. e4 c5 2. c3 Nf6 3. e5 Nd5 4. d4 cxd4 5. Nf3 Nc6 6. Bc4 Nb6 7. Bb3 d6 8. Bf4 dxe5 9. Nxe5 Nxe5 10. Bxe5 f6 11. Bxd4 e5 12. Qe2 Bd7 13. f4 Qc7 14. fxe5 0-0-0 15. Nd2 fxe5 16. Bxe5 Bd6 17. Bxd6 Qxd6 18. 0-0-0 Qh6 19. Kb1 Bf5+ 20. Ka1 Rhe8 21. Qf2 Bd3 22. Rde1 Rxe1+ 23. Qxe1 Qf4 24. g3 Qc7 25. Qe6+ Kb8 26. Re1 a5 27. a3 a4 28. Ba2 Bc2 29. Nf3 Rd1+ 30. Rxd1 Bxd1 31. Nd4 Nc8 32. Qg8 Qe5 33. Be6 Qc7 34. Qxh7 Nd6 35. Qg8+ Ka7 36. Qf8 Kb6 37. Qf1 Bh5 38. Qd3 Qc5 39. g4 Be8 40. Qe3 g6 41. Kb1 Bb5 42. Nc2 Qxe3 43. Nxe3 g5 44. Bd5 Be2 45. Kc2 Kc5 46. Bg2 b6 47. Kd2 Ba6 48. Bf3 Bb5 49. Bd5 Ba6 50. Ke1 Bc8 51. h3 Ba6 52. Kf2 Bd3 53. Kg3 Be4 54. Be6 1-0

[Event "Landesliga Nord 1112"]
[Site "Bayern"]
[Date "2012.03.18"]
[Round "8.4"]
[White "Oechslein, Rainer"]
[Black "Muehlbauer, Andreas"]
[Result "1-0"]
[WhiteElo "2139"]
[BlackElo "2148"]
[PlyCount "97"]
[EventDate "2011.10.02"]
[EventType "team-tourn"]
[EventRounds "9"]
[EventCountry "GER"]
[SourceTitle "EXT 2015"]
[Source "ChessBase"]
[SourceDate "2014.11.20"]
[SourceVersion "1"]
[SourceVersionDate "2014.11.20"]
[SourceQuality "1"]
[WhiteTeam "Schweinfurt"]
[BlackTeam "Bad Koetzting"]
[WhiteTeamCountry "GER"]
[BlackTeamCountry "GER"]

1. e4 c5 2. Nf3 Nc6 3. d4 cxd4 4. Nxd4 Qb6 5. Nb3 Nf6 6. Nc3 e6 7. Be3 Qc7 8. Be2 a6 9. 0-0 d6 10. f4 Be7 11. Kh1 0-0 12. Bf3 Re8 13. Qe1 Nd7 14. Rd1 b5 15. a3 Bb7 16. Qg3 Bf6 17. Rd3 b4 18. axb4 Nxb4 19. Rd2 Rad8 20. Rfd1 Nb6 21. Na5 Ba8 22. Qf2 Nc8 23. Nb3 Bxc3 24. bxc3 Qxc3 25. Bd4 Qc7 26. Qg3 f5 27. exf5 Bxf3 28. gxf3 exf5 29. Rg1 Rd7 30. Rdg2 Ree7 31. Qf2 Nc6 32. Bf6 Rf7 33. Ba1 Rde7 34. Nd4 Nxd4 35. Qxd4 Nb6 36. h4 Nc4 37. Qd5 Kf8 38. Qa8+ Re8 39. Qxa6 g6 40. h5 Ne3 41. Rh2 gxh5 42. Rxh5 Nxc2 43. Rhg5 Re6 44. Rg8+ Ke7 45. Bg7 Nb4 46. Qa8 Kd7 47. Rb8 Rg6 48. Rxg6 hxg6 49. Rb7 1-0

[Event "Landesliga Nord 1011"]
[Site "Bayern"]
[Date "2010.10.10"]
[Round "1.5"]
[White "Muehlbauer, Andreas"]
[Black "Votruba, Pavel"]
[Result "1-0"]
[WhiteElo "2143"]
[BlackElo "2114"]
[PlyCount "47"]
[EventDate "2010.10.10"]
[EventType "team-tourn"]
[EventRounds "9"]
[EventCountry "GER"]
[SourceTitle "EXT 2012"]
[Source "ChessBase"]
[SourceDate "2011.11.24"]
[SourceVersion "1"]
[SourceVersionDate "2011.11.24"]
[SourceQuality "1"]
[WhiteTeam "Koetzting"]
[BlackTeam "Schwandorf"]
[WhiteTeamCountry "GER"]
[BlackTeamCountry "GER"]

1. e4 d6 2. d4 Nf6 3. Nc3 e5 4. Nge2 Be7 5. f3 0-0 6. Be3 a6 7. Qd2 b5 8. 0-0-0 c6 9. g4 Qc7 10. Ng3 b4 11. Nce2 c5 12. d5 Nbd7 13. Nf5 Nb6 14. Neg3 Bxf5 15. Nxf5 Rfe8 16. Bh6 g6 17. Nxe7+ Rxe7 18. Bg5 Kg7 19. Bh6+ Kh8 20. Bg5 Kg7 21. h4 Nbd7 22. h5 Ree8 23. Qh2 Nf8 24. h6+ 1-0

[Event "Landesliga Nord 0910"]
[Site "Bayern"]
[Date "2010.03.21"]
[Round "8.4"]
[White "Muehlbauer, Andreas"]
[Black "Basel, Matthias"]
[Result "1-0"]
[WhiteElo "2114"]
[BlackElo "1999"]
[PlyCount "81"]
[EventDate "2009.10.18"]
[EventType "team-tourn"]
[EventRounds "9"]
[EventCountry "GER"]
[SourceTitle "EXT 2011"]
[Source "ChessBase"]
[SourceDate "2010.11.26"]
[SourceVersion "1"]
[SourceVersionDate "2010.11.26"]
[SourceQuality "1"]
[WhiteTeam "Koetzting"]
[BlackTeam "Kitzingen"]
[WhiteTeamCountry "GER"]
[BlackTeamCountry "GER"]

1. e4 g6 2. d4 Bg7 3. Nc3 c6 4. Nf3 d6 5. Be3 b5 6. Bd3 e5 7. dxe5 dxe5 8. Nxb5 cxb5 9. Bxb5+ Bd7 10. Bc4 Qe7 11. Qd5 Nc6 12. Ng5 Nh6 13. 0-0-0 Rd8 14. h4 Qf6 15. Nxh7 Rxh7 16. Bg5 Ng4 17. Bxf6 Bxf6 18. Rhf1 Nd4 19. g3 Be6 20. Bb5+ Kf8 21. Qb7 Kg7 22. c3 Nxb5 23. Rxd8 Bxd8 24. Qxb5 Rh8 25. f3 Ne3 26. Re1 Nc4 27. b3 Nb6 28. Qxe5+ Bf6 29. Qa5 Be7 30. Qxa7 Bc5 31. Qc7 Rc8 32. Qe5+ Kg8 33. Rd1 Nd7 34. Qf4 Ra8 35. Kb1 Ba3 36. h5 Nc5 37. h6 Nxb3 38. axb3 Bxb3 39. Qf6 Ba2+ 40. Ka1 Bf8 41. h7+ 1-0

[Event "Landesliga Nord 0910"]
[Site "Bayern"]
[Date "2010.01.24"]
[Round "5.4"]
[White "Muehlbauer, Andreas"]
[Black "Smid, Miroslav"]
[Result "0-1"]
[WhiteElo "2114"]
[BlackElo "2214"]
[PlyCount "82"]
[EventDate "2009.10.18"]
[EventType "team-tourn"]
[EventRounds "9"]
[EventCountry "GER"]
[SourceTitle "EXT 2011"]
[Source "ChessBase"]
[SourceDate "2010.11.26"]
[SourceVersion "1"]
[SourceVersionDate "2010.11.26"]
[SourceQuality "1"]
[WhiteTeam "Koetzting"]
[BlackTeam "Kulmbach"]
[WhiteTeamCountry "GER"]
[BlackTeamCountry "GER"]

1. e4 e5 2. Nf3 Nc6 3. Bb5 Nd4 4. Nxd4 exd4 5. d3 Bc5 6. 0-0 c6 7. Bc4 d5 8. exd5 cxd5 9. Bb5+ Bd7 10. Bxd7+ Qxd7 11. Bf4 Ne7 12. Nd2 0-0 13. Nf3 f6 14. Qd2 Rac8 15. Rfe1 Ng6 16. Bg3 Rc6 17. a3 Rfc8 18. Re2 b5 19. Rae1 Bb6 20. Qb4 a6 21. h3 h5 22. h4 Kh7 23. Kf1 Qg4 24. Qd2 Bc7 25. Nh2 Qf5 26. Kg1 Bxg3 27. fxg3 Rxc2 28. Qxc2 Rxc2 29. Rxc2 Qxd3 30. Rf2 Qxg3 31. Nf3 Ne5 32. Rd1 Ng4 33. Re2 Ne5 34. Nxd4 Qxh4 35. Nf5 Qg4 36. Nd4 h4 37. Rdd2 h3 38. Kh1 Kg8 39. gxh3 Qxh3+ 40. Kg1 Nc4 41. Rd1 Nxb2 0-1

[Event "Oberpfalz-ch M1"]
[Site "Kelheim"]
[Date "2009.04.04"]
[Round "1"]
[White "Langensteiner, Matthias"]
[Black "Muehlbauer, Andreas"]
[Result "0-1"]
[WhiteElo "2027"]
[BlackElo "2173"]
[PlyCount "48"]
[EventDate "2009.04.04"]
[EventType "swiss"]
[EventRounds "8"]
[EventCountry "GER"]
[SourceTitle "EXT 2022"]
[Source "ChessBase"]
[SourceDate "2021.10.06"]
[SourceVersion "1"]
[SourceVersionDate "2021.10.06"]
[SourceQuality "1"]

1. d4 Nf6 2. c4 c5 3. d5 b5 4. cxb5 a6 5. bxa6 Bxa6 6. b3 d6 7. Bb2 g6 8. g3 Bg7 9. Bg2 0-0 10. Nh3 Nbd7 11. 0-0 Qb6 12. Bc3 Ra7 13. Re1 Rfa8 14. e4 Ne5 15. Nf4 Ne8 16. Qc2 c4 17. b4 Bb5 18. a3 Nc7 19. Bb2 Ba4 20. Qd2 Nb5 21. Nc3 Nd4 22. Qe3 Ng4 23. Nxa4 Rxa4 24. Qc3 Ne2+ 0-1

[Event "Landesliga Nord 0809"]
[Site "Bayern"]
[Date "2009.01.18"]
[Round "5.2"]
[White "Sommer, Matthias"]
[Black "Muehlbauer, Andreas"]
[Result "1-0"]
[WhiteElo "2141"]
[BlackElo "2110"]
[PlyCount "71"]
[EventDate "2008.10.05"]
[EventType "team-tourn"]
[EventRounds "9"]
[EventCountry "GER"]
[SourceTitle "EXT 2020"]
[Source "ChessBase"]
[SourceDate "2019.10.17"]
[SourceVersion "1"]
[SourceVersionDate "2019.10.17"]
[SourceQuality "1"]
[WhiteTeam "Nuernberg NT II"]
[BlackTeam "Koetzting"]
[WhiteTeamCountry "GER"]
[BlackTeamCountry "GER"]

1. d4 Nf6 2. c4 c5 3. d5 b5 4. cxb5 a6 5. bxa6 Bxa6 6. Nc3 d6 7. e4 Bxf1 8. Kxf1 g6 9. Nf3 Nbd7 10. g3 Bg7 11. Kg2 0-0 12. h3 Qb6 13. Re1 Rfb8 14. Re2 Ne8 15. Bg5 Nc7 16. Rc1 Bxc3 17. bxc3 f6 18. Bf4 Ra5 19. h4 Qa6 20. Rcc2 Nb5 21. Bc1 Na3 22. Bxa3 Rxa3 23. Qc1 Ra8 24. h5 Kg7 25. hxg6 hxg6 26. Qb1 Nb6 27. Re1 Nc4 28. Rh1 Rh8 29. Rxh8 Kxh8 30. Qb8+ Kg7 31. Nh4 Qa4 32. Qb1 Ne3+ 33. fxe3 Qxe4+ 34. Kh3 Rxc3 35. Rb2 Qxe3 36. Qxg6+ 1-0